000 00329nam a22001337a 4500
008 170905b xxu||||| |||| 00| 0 eng d
020 _a9780803601512
041 _aeng
080 _a070
100 _a40
101 _aMED
245 _aRESEARCH FOR HEALTH PROFESSIONAL A PRACTICAL GUIDE
_cBAILEY.D.M
942 _2udc
_cBK
999 _c26112
_d26112